Tilastot visalle Atlantin valtameren saarivaltiot

Klikkaa tästä pelataksesi tätä visaa!

Yleistilastot

  • Tätä visaa on pelattu 415 kertaa
  • Keskiarvotulos 16 / 20

Vastaustilastot

km2Valtio% Oikein
109 884Kuuba
92%
242 900Yhdistynyt kuningaskunta
91%
70 273Irlanti
91%
103 000Islanti
89%
27 750Haiti
89%
751Dominica
87%
48 671Dominikaaninen tasavalta
86%
10 991Jamaika
85%
13 943Bahama
84%
616Saint Lucia
82%
4 033Kap Verde
82%
430Barbados
80%
389Saint Vincent ja Grenadiinit
80%
261Saint Kitts ja Nevis
80%
5 130Trinidad ja Tobago
78%
965São Tomé ja Príncipe
73%
442Antigua ja Barbuda
73%
344Grenada
73%
316Malta
59%
9 251Kypros
57%

Tulosjakauma

Persentiili vastausten määrän mukaan

Jokaisen tuloksen saaneiden osuus

Tuloshistoriasi

Et ole pelannut tätä visaa